| 000 | 01432nam a2200337 i 4500 | ||
|---|---|---|---|
| 003 | EG-GICUC | ||
| 005 | 20260121101551.0 | ||
| 008 | 251230s2006 ua ||||fr|||| 000 0 ara d | ||
| 017 | _a2005/14900 | ||
| 040 |
_a EG-GICUC _bara _c EG-GICUC _d EG-GICUC _erda |
||
| 041 | _aara | ||
| 082 | 0 | 4 |
_221 _a345.451 _bع ب . ش |
| 092 | 0 | 4 | _221 |
| 099 | _aLaw1 07 345.451 ع ب . ش 1 ed - 2006 | ||
| 100 | 0 |
_aعبدالعزيز عبدالمنعم خليفة _eمؤلف. |
|
| 245 | 1 | 2 |
_aالشرعية الإجرائية في التأديب الرئاسي والقضائي للموظف العام : _bدراسة تحليلية فقهية مدعمة بأحدث أحكام قضاء مجلس الدولة / _cالدكتور عبدالعزيز عبدالمنعم خليفة. |
| 250 | _aالطبعة الاولى | ||
| 264 | 2 |
_aالإسكندرية : _bمنشأة المعارف, _c2006. |
|
| 300 |
_a319 صفحة ؛ _c24 سم _bإيضاحيات، صور، مثيليات ؛ |
||
| 336 |
_2rda content _atext |
||
| 337 |
_2rda media _aComputer |
||
| 338 |
_2rda carrier _aOnline Resource |
||
| 504 | _a. 312-308 ببليوجرافيا: صفحات. | ||
| 546 | _aالنص باللغة العربية | ||
| 650 | 1 | 4 |
_aالسلطات التاديبية _2qrmak |
| 650 | 1 | 4 | _aالقانون الإداري |
| 651 | 1 | _2qrmak | |
| 856 | 4 | 0 | _uhttps://fll.law.cu.edu.eg/fulltext/bks/B07-02013.pdf |
| 905 | _a79 | ||
| 942 |
_2ddc _cBK _e21 _n0 |
||
| 999 |
_c53219 _d53219 |
||